| 000 | 00504nam a22001817a 4500 | ||
|---|---|---|---|
| 003 | NUST - PNEC | ||
| 005 | 20170116180807.0 | ||
| 008 | 150423b xxu||||| |||| 00| 0 eng d | ||
| 020 | _a9789699982002 | ||
| 040 | _cLIBRARY | ||
| 082 | _a162.6 TUG | ||
| 100 |
_93082 _aYamin, Tughral |
||
| 245 |
_aThe Evolution of Nuclear Deterrance in South Asia _cTughral Yamin |
||
| 260 |
_aIslamabad _bThe Army Press _cc2014. |
||
| 300 | _a272 p. : | ||
| 650 |
_93083 _aMilitary policy _xGeneral |
||
| 942 |
_2ddc _cBK |
||
| 999 |
_c63239 _d63239 |
||